A theoretical analysis of hydropolitics: Homer-Dixon's environmental scarcity theory and the regime theory (Record no. 513601)

000 -LEADER
fixed length control field 00471nam a2200145 4500
008 - FIXED-LENGTH DATA ELEMENTS--GENERAL INFORMATION
fixed length control field 200313b ||||| |||| 00| 0 eng d
100 ## - MAIN ENTRY--PERSONAL NAME
Personal name Mahlakeng, M.K.
245 ## - TITLE STATEMENT
Title A theoretical analysis of hydropolitics: Homer-Dixon's environmental scarcity theory and the regime theory
260 ## - PUBLICATION, DISTRIBUTION, ETC. (IMPRINT)
Name of publisher, distributor, etc World Affairs
300 ## - PHYSICAL DESCRIPTION
Extent 23(4), Oct-Dec, 2019: p.36-57.
650 ## - SUBJECT ADDED ENTRY--TOPICAL TERM
Topical term or geographic name as entry element Hydropolitics
9 (RLIN) 16760
773 ## - HOST ITEM ENTRY
Main entry heading World Affairs
906 ## - LOCAL DATA ELEMENT F, LDF (RLIN)
Subject DIP Environment
942 ## - ADDED ENTRY ELEMENTS (KOHA)
Source of classification or shelving scheme
Item type Articles
Holdings
Withdrawn status Lost status Source of classification or shelving scheme Damaged status Not for loan Permanent location Current location Date acquired Serial Enumeration / chronology Barcode Date last seen Koha item type
          Indian Institute of Public Administration Indian Institute of Public Administration 2020-03-13 23(4), Oct-Dec, 2019: p.36-57. AR122755 2020-03-13 Articles

Powered by Koha